000 00459nam a22001457a 4500
008 230619b xxu||||| |||| 00| 0 eng d
082 _a304.67
_bMOPND
100 _cOffice of the Vice president and Ministry of planning and National Development
110 _bCentral Bureau of Statistics
245 _aKenya Population Census 1989
_bVolume 2
260 _aKenya
_bCentral Bureau of Statistics
_c1989
300 _a590p
440 _vVolume 2
942 _2ddc
_cBK
999 _c1361
_d1361